000
00335pam a2200157a 44500
008
230515b1999 xxu||||| |||| 00| 0 eng d
020
_a
0
041
_a
ENGLISH
082
_a
0 MUM
100
_a
MUMFORD
245
_a
CELEBRATING DEATH
250
_a
0
260
_a
NEW DELHI
_b
N.D.
_c
1999
300
_a
181
650
_a
BHAISHAJYA
999
_c
481123
_d
481123